| 000 | 00000nam 2200000zi 4500 |
| 001 | 9.945859 |
| 003 | CaOODSP |
| 005 | 20250211125459 |
| 006 | m o d f |
| 007 | cr mn||||||||| |
| 008 | 241203t20252025bcca ob f000 0 eng d |
| 020 | |a9780660747699 |
| 040 | |aCaOODSP|beng|erda|cCaOODSP |
| 041 | 0 |aeng|beng|bfre |
| 086 | 1 |aFs97-6/3653E-PDF |
| 100 | 1 |aHolt, C. A. |q(Carrie A.), |d1975- |eauthor. |
| 245 | 10|aGuidance on when and how science advice for Pacific salmon should account for time-varying population dynamics / |cby Carrie A. Holt, Brendan Connors, Dan Greenberg, Catarina Wor. |
| 264 | 1|aNanaimo, BC : |bFisheries and Oceans Canada, Pacific Biological Station, |c2025. |
| 264 | 4|c©2025 |
| 300 | |a1 online resource (xii, 90 pages) : |billustrations (chiefly colour). |
| 336 | |atext|btxt|2rdacontent |
| 337 | |acomputer|bc|2rdamedia |
| 338 | |aonline resource|bcr|2rdacarrier |
| 490 | 1 |aCanadian technical report of fisheries and aquatic sciences, |x1488-5379 ; |v3653 |
| 504 | |aIncludes bibliographical references (pages 39-45). |
| 520 | |a"Time-varying population dynamics are ubiquitous for Pacific salmon due to, for example, changing ocean conditions and degradation of freshwater habitats. When these changes are ignored, science advice may result in poor biological outcomes or failure to meet catch objectives. There is currently very little guidance on where, when, and how to account for them in science advice for Pacific salmon. We reviewed the literature and performed computer simulations to determine when and how stationary and time-varying assessment models should be applied to inform science advice for Pacific salmon. When seeking to estimate population parameters from spawner-recruitment relationships, we found that models that annually track changes in productivity have better statistical reliability than stationary models or those that assume abrupt regime shifts. However, when models with time-varying parameters are applied for assessment or management purposes (e.g., as management reference points) under irreversible declines in productivity, they tend to be associated with increased biological risk relative to those that assume stationary dynamics. We recommend using time-varying models for assessment purposes only when the weight-of-evidence from multiple sources supports time-varying dynamics. Further, management actions that account for time-varying parameters should been evaluated in a risk-based, decision-making framework against those that assume stationary dynamics"--Abstract, page ix. |
| 546 | |aIncludes abstracts in English and French. |
| 650 | 0|aPacific salmon fisheries|xManagement. |
| 650 | 0|aRecruitment (Population biology) |
| 650 | 0|aFish stock assessment. |
| 650 | 0|aTime-series analysis. |
| 650 | 6|aSaumons du Pacifique|xPêche commerciale|xGestion. |
| 650 | 6|aRecrutement (Biologie des populations) |
| 650 | 6|aRessources halieutiques|xÉvaluation. |
| 650 | 6|aSérie chronologique. |
| 710 | 1 |aCanada. |bDepartment of Fisheries and Oceans, |eissuing body. |
| 710 | 2 |aPacific Biological Station (1972- ), |eissuing body. |
| 830 | #0|aCanadian technical report of fisheries and aquatic sciences ;|v3653.|w(CaOODSP)9.504449 |
| 856 | 40|qPDF|s14.00 MB|uhttps://publications.gc.ca/collections/collection_2025/mpo-dfo/Fs97-6-3653-eng.pdf |